The Wisdom of Jesus ben Sirach (Sinai ar. 155. IXth/Xth cent.) /

محفوظ في:

مؤلفون آخرون: Frank, Richard M.

التنسيق: كتاب

اللغة: English
Arabic

منشور في: Louvain : Corpus SCO, 1974.

سلاسل: Corpus Scriptorum Christianorum Orientalium. Scriptores Arabici ; 30-31.
CSCO. SA ; 30-31.

الموضوعات:

الوسوم: إضافة وسم

لا توجد وسوم, كن أول من يضع وسما على هذه التسجيلة!

رقم الطلب: BX100 .C8 A8 v.30-31

LEADER 00843namaa2200253 4500
003 OSt
005 20251020063019.0
008 130303s1974 be 001 0 eng d
040 |c ARCE Library 
041 0 |a eng  |a ara 
050 4 |a BX100 .C8 A8 v.30-31 
130 0 |a Bible.  |p Ecclesiasticus.  |l Arabic 
245 1 4 |a The Wisdom of Jesus ben Sirach (Sinai ar. 155. IXth/Xth cent.) /   |c edited with an Arabic-Greek word index by Richard M. Frank. 
264 1 |a Louvain :   |b Corpus SCO,   |c 1974. 
300 |a 2 v. ;   |c 26 cm. 
490 0 |a Corpus Scriptorum Christianorum Orientalium. Scriptores Arabici ;  |v 30-31. 
490 0 |a CSCO. SA ;   |v 30-31. 
500 |a Includes index. 
546 |a Intro. in English ; Text in Arabic. 
650 0 |a Manuscripts, Arabic. 
700 1 |a Frank, Richard M. 
901 |a reviewed 
942 |c BK  |2 lcc 
999 |c 7391  |d 7391